Finanzas burst̀iles

Bibliographic Details
Main Author: Ayala Brito, Gamaliel
Other Authors: Becerril Sǹchez, Betel
Format: eBook
Language:Spanish
Published: Mx̌ico D.F : Instituto Mexicano de Contadores Pb︢licos, 2011
Subjects:
Online Access:http://www.vlex.com/source/7073

MARC

LEADER 00000nam a22000007a 4500
005 20130222135749.0
007 cr|||| ||||
008 130222e2011 sp |||||s|||| 00||0 spa d
020 |a 978-607-7620-80-8 
035 |a 7073 
040 |a vLex 
090 |c 3733  |d 3733 
100 1 0 |a Ayala Brito, Gamaliel  
245 1 0 |a Finanzas burst̀iles  |h [Recurso electrn̤ico] 
256 |a Servicio en ln̕ea 
260 |a Mx̌ico D.F :  |b Instituto Mexicano de Contadores Pb︢licos,   |c 2011 
300 |a 1 Recurso electrn̤ico 
650 0 4 |a Bolsa y finanzas  |z Mx̌ico 
650 0 4 |a Derecho cambiario y burst̀il  |z Mx̌ico 
650 0 4 |a Economa̕  |z Mx̌ico 
700 1 0 |a Becerril Sǹchez, Betel  
740 |a vLex Libros (Servicio en ln̕ea) 
856 |a Acceso restringido  |u http://www.vlex.com/source/7073 
942 |c BOOK 
999 0 |a Stock exchanges